000 00720nam a2200253Ia 4500
003 OSt
005 20221006143017.0
006 a|||||r|||| 00| 0
007 ta
008 221006b |||||||| |||| 00| 0 eng d
020 _c250.00
024 _a7,783
037 _bGift, Japan Foundation
_cTextual
040 _aEASL
_cEASL
_beng
041 _2eng
_aeng
082 _aY15.42.N89a, M9
100 _aEGEROD Soren Ed.
_9648936
245 0 _aEast asian institute occasional papersy
260 _aDenmark
_bEast Asian Instittute
_c1989
300 _a195p.
_ccm.
490 _v JEL
942 _hY15.42.N89a, M9
_cTEXL
_2CC
999 _c1075869
_d1075869